000 00975naa a22002537a 4500
001 BR7305011
003 BR-BrBNA
005 20240918173502.0
007 ta
008 230509b bl.||||| |||| 00| 0 por d
040 _aBR-BrBNA
_bpor
_cBiblioteca Nacional de Agricultura
041 _a(Pt)
072 _aP05
_b8961
090 _aP05 BR7305011
100 1 _aLeddet, P.
111 1 _a1. Congresso Nacional de Carburantes
_cRio de Janeiro, GB (Brazil)
_d21 Nov 1972
245 1 _aProcessos modernos para a intensificacao da producao e aumento dos rendimentos na industria do alcool
260 3 _aRio de Janeiro, GB (Brasil):
_c1944.
500 _aAnais do 1. Congresso Nacional de Carburantes Rio de Janeiro, GB (Brasil): 1944. p. 263-274 (BR7305011-AM)P05
650 _aALCOOL
773 0 _tAnais do 1. Congresso Nacional de Carburantes
_wP05 BR7305011
_gRio de Janeiro, GB (Brasil), 1944. p. 263-274
909 _a202404
_bLucia
_c55
_dLucia Elande
942 _cAM
_2AGRIS
999 _c304918
_d304918